1240 1396 1993 1109 1618 1068 1927 1833 1897 1953 1260 1204 1016 1542 1378 1912 1412 1208 1571 1482 1330 1816 1721 1510 1233 1415 1947 1749 1841 1560 1707 1839 1779 1525 1365 1538 1557 1952 1002 1896 1924 1730 1930 1834 1770 1990 1864 1596 1875 1992 1127 1935 1884 1963 1347 1122 1168 1141 1331 1869 1368 1578 1687 1875 1295 1802 1395 1106 1622 1164 1928 1240 1138 1194 1356 1571 1922 1958 1323 1169 1698 1040 1707 1372 1216 1298 1823 1240 1919 1431 1497 1000 1150 1025 1790 1091 1166 1582 1278 BCNSPRNW ULIB Ver.6.0+V

เปลี่ยนเป็นภาษาไทย

Change to English
 แสดงรายละเอียดบรรณานุกรม
  กลับหน้าหลัก

Brief Record : Get Marc (ISO 2709) : E-mail record : QR code < ปิดหน้าต่าง
LEADER : 00000nam 2200000uu 4500
001    13399122823
003     ULIB
008    130927s2554||||th 000 0 tha d
020    ^a9786167078106
090    นว.^bภ21ท
100 0  ^aภาคินัย
245 10 ^aท้าคนเป็น เห็นคนตาย /^cภาคินัย [นามแฝง]
250    พิมพ์ครั้งที่4
260    ^aกรุงเทพฯ :^bโซฟา พับลิชชิ่ง,^c2554
300    ^a248 หน้า
945    ^p185^l0^i034049
999    ^aเกษร โพธิ์สุวรรณ
รายการนี้ยังไม่มีแท็ก
คุณยังไม่ได้ล็อกอิน คุณสามารถมีกิจกรรมร่วมกับเว็บไซต์ได้ แต่ต้องล็อกอินก่อน ::
  ล็อกอิน

รายการสื่อสารสนเทศ

ลำดับที่ ประเภท เลขเรียก/บาร์โค้ด สถานที่ สถานะ
1. นวนิยาย
นวนิยาย
นว. ภ21ท ฉ.1 
  Barcode: 034049
ห้องสมุดวิทยาเขตสวรรค์ประชารักษ์
►นวนิยาย
บนชั้น
  ขอยืม

รายการใกล้เคียง
    ผู้แต่ง [ภาคินัย]

BibComment


ยังไม่เคยถูกคอมเมนท์

คอมเมนท์ทรัพยากรรายการนี้
  คอมเมนท์: ท้าคนเป็น เห็นคน..


 Copyright 2026. Bcnsprnw @Library